Statistics for Can You Name The Top 100 Tallest Roller Coasters In North America?

Click here to take the quiz!

General Stats

  • This quiz has been taken 374 times
  • The average score is 34 of 100

Answer Stats

HintAnswer% Correct
2006Kingda Ka
87%
2003Top Thrill Dragster
80%
2000Millennium Force
73%
2015Fury 325
70%
2010Intimidator
68%
2018Steel Vengeance
63%
2010Intimidator 305
62%
2020Orion
62%
2000 | 2006 | 2014Goliath
59%
2012Leviathan
59%
2006El Toro
58%
2022Iron Gwazi
57%
1989Magnum Xl 200
56%
1997Superman Escape From Krypton
56%
2001Nitro
54%
2016Mako
49%
2016Valravn
48%
2009Diamondback
47%
1999Apollo's Chariot
46%
2020Candymonium
46%
2012Skyrush
46%
2008Behemoth
45%
2013Gatekeeper
44%
1997Alpengeist
43%
2001Titan
43%
2007Griffon
42%
2005Sheikra
42%
1994Raptor
41%
2019Yukon Striker
41%
2000Superman The Ride
39%
2021Velocicoaster
39%
2002X2
39%
2009Manta
38%
2013Iron Rattler
37%
2000Kraken
36%
1999Raging Bull
36%
2000Superman Ride of Steel
36%
1999 | 2000Medusa
35%
1996Montu
35%
2006Tatsu
35%
1993Kumba
34%
2002Xcelerator
34%
2019Steel Curtain
33%
2014Banshee
32%
2022Pantheon
32%
1999Ride Of Steel
32%
1991Phantom's Revenge
31%
1996Rougarou
31%
1997Steel Force
30%
1998Mamba
29%
2011New Texas Giant
29%
2004Storm Runner
29%
1990Viper
29%
1998Mr Freeze Reverse Blast
28%
2006Voyage
28%
2022Emperor
26%
2019Maxx Force
26%
2023Wildcat's Revenge
26%
1996Wild Thing
26%
1994Desperado
25%
2003Scream!
24%
1999Steel Eel
24%
2008Dominator
23%
2011Green Lantern
23%
1998Riddler's Revenge
23%
2012Superman Ultimate Flight
23%
2015Cannibal
22%
2019Tigris
21%
2013Full Throttle
20%
2000Superman Krypton Coaster
20%
2004Superman El Ultimo Escape
19%
2016Tempesto
19%
1997Big Apple Coaster
17%
2015Thunderbird
17%
2019TMNT Shellraiser
17%
2022Dr Diabolical's Cliffhanger
16%
2005Hades 360
16%
2006Patriot
16%
2018Hangtime
15%
2004Silver Bullet
15%
2001Talon
15%
2008Aftershock
14%
2008Possessed
14%
2001Flash: Vertical Velocity
13%
2018Electric Eel
12%
2003Steel Venom
12%
2009Hollywood Rip Ride Rockit
11%
2015Phobia Phear Coaster
10%
1999Tennessee Tornado
10%
1985Mindbender
9%
1978Montezooma's Revenge
5%
2023Aireforce One
4%
2023Aquaman Power Wave
4%
2006X Coaster
1%

Score Distribution

Percentile by Number Answered

Percent of People with Each Score

Your Score History

You have not taken this quiz